000 00615naa a2200217 i 4500
001 84114
003 ES-MaBCM
005 20241016125020.0
008 020521s2002 fra 000 0 fre d
021 _axx
035 _a(OCoLC)1365231600
040 _cES-MaBCM
041 0 _afre
043 _afra
100 1 _aBellamy, Vanessa
_94286
245 1 0 _aLes resultats positifs des emplois jeunes
_cVanessa Bellamy
650 2 7 _aTrabajo de jóvenes
_958523
651 4 _aFrancia
_9115364
773 0 _aEn:
_tProblèmes économiques
_dParis : 2002
_w104496
_gnº 2.757, avril, p. 22-26. - Loc. S.428
942 _cAREV
999 _c84114
_d84114